| 000 | 01277nam a22003614 4500 | ||
|---|---|---|---|
| 001 | 198190 | ||
| 003 | ES-MaACL | ||
| 005 | 20260608130244.0 | ||
| 007 | ta | ||
| 008 | 260326s1995 sp a|||| |||| 001 0|spa | ||
| 017 |
_aBI 122-1995 _bOficina Depósito Legal Vizcaya |
||
| 020 | _a8481810525 | ||
| 024 | 7 |
_a301-95-006-1 _2nipo |
|
| 040 |
_aSpMaBN _bspa _cSpMaBN _erda |
||
| 080 | _a061.22(460)(058.7) | ||
| 080 | _a338.467.6(460)(058.7) | ||
| 245 | 0 | 0 | _aMapa de infraestructuras, operadores y recursos culturales, MIOR |
| 264 | 1 |
_aMadrid : _bSecretaría General Técnica, Ministerio de Cultura, _c1995 |
|
| 264 | 4 | _c©1995 | |
| 300 |
_a1869 páginas : _bgráficas, mapas (color) ; _c31 cm |
||
| 336 |
_2rdacontent _atexto |
||
| 337 |
_2rdamedia _asin mediación |
||
| 338 |
_2rdacarrier _avolumen |
||
| 500 | _aÍndice | ||
| 650 | 4 |
_aEquipamientos culturales _zEspaña _vDirectorios _9242951 |
|
| 650 | 4 |
_aIndustria cultural _zEspaña _vDirectorios _9242952 |
|
| 710 | 1 |
_aEspaña _bMinisterio de Cultura _eisb |
|
| 852 |
_aES-MaACL _cDEPO1 _jA-15995 _xEncuadernación cartoné |
||
| 942 |
_cMONOGRAFIA _n0 |
||
| 999 |
_c198190 _d198190 |
||